Savannah's little crooked houses : if these walls could talk /
Saved in:
| Main Author: | |
|---|---|
| Format: | Book |
| Language: | English |
| Published: |
Charleston, SC :
History Press,
2007.
|
| Subjects: | |
| Tags: |
Add Tag
No Tags, Be the first to tag this record!
|
| LEADER | 01060pam a22003134a 4500 | ||
|---|---|---|---|
| 001 | 010274159-X | ||
| 005 | 20070502144326.0 | ||
| 008 | 061103s2007 scuab b 000 0 eng | ||
| 010 | |a 2006036774 | ||
| 020 | |a 9781596292260 (alk. paper) | ||
| 020 | |a 1596292261 (alk. paper) | ||
| 035 | 0 | |a ocm76167132 | |
| 040 | |a DLC |c DLC |d YDX |d BTCTA |d BAKER |d YDXCP | ||
| 043 | |a n-us-ga | ||
| 050 | 0 | 0 | |a F294.S2 |b J638 2007 |
| 082 | 0 | 0 | |a 975.8/724 |2 22 |
| 100 | 1 | |a Johnson, Susan B. |q (Susan Belt), |d 1934- | |
| 245 | 1 | 0 | |a Savannah's little crooked houses : |b if these walls could talk / |c Susan B. Johnson. |
| 260 | |a Charleston, SC : |b History Press, |c 2007. | ||
| 300 | |a 121 p. : |b ill. (some col.), maps ; |c 24 cm. | ||
| 504 | |a Includes bibliographical references (p. [117]-121). | ||
| 650 | 0 | |a Historic buildings |z Georgia |z Savannah. | |
| 650 | 0 | |a Cottages |z Georgia |z Savannah. | |
| 651 | 0 | |a Savannah (Ga.) |x Buildings, structures, etc. | |
| 651 | 0 | |a Savannah (Ga.) |v Biography. | |
| 651 | 0 | |a Savannah (Ga.) |x History. | |
| 988 | |a 20061130 | ||
| 049 | |a HLSS | ||
| 906 | |0 DLC | ||


